Asians - Sudden Death - Statistics

General Stats
  • This quiz has been taken 428 times
    105 since last reset
  • The average score is 35 of 49
Answers on the Grid
Answers color-coded by a green-red scale on the quiz's grid according to % correct below.
Genghis Khan
Quentin Tarantino
Mao Zedong
Narendra Modi
Eleanor Roosevelt
Rumi
Kurt Cobain
Lee Kuan Yew
Michael Phelps
Imran Khan
Tom Ford
Joe Rogan
Tyra Banks
Amos Oz
Jay Chou
Hayao Miyazaki
Benjamin Franklin
Louis Armstrong
Dana White
Mahatma Gandhi
Nancy Ajram
Julia Roberts
Confucius
Hiroyuki Sanada
Britney Spears
Virat Kohli
Fairuz
Clint Eastwood
Tucker Carlson
Manny Pacquiao
Gal Gadot
Jeff Bezos
Samuel Barber
Arundhati Roy
Bashar al-Assad
Shohei Ohtani
Marilyn Monroe
Steve McCurry
Haruki Murakami
George Clooney
Aung San Suu Kyi
Yasser Arafat
Bernie Sanders
Lata Mangeshkar
Orson Welles
Ali Khamenei
Xi Jinping
Anderson Cooper
Priyanka Chopra
Babe Ruth
Douglas MacArthur
Steve Jobs
Akira Kurosawa
Michael Jordan
Henry Ford
Angela Davis
Rabindranath Tagore
Bill Gates
Sachin Tendulkar
Bradley Cooper
Harriet Tubman
Ken Watanabe
Grant Wood
Malala Yousafzai
Aaron Copland
Thomas Edison
Larry Bird
Ernest Hemingway
Saladin
Jackie Chan
Son Heung-min
Eminem
Yao Ming
Usher
Megan Rapinoe
Abbas Kiarostami
Stephen Curry
Benjamin Netanyahu
Tim Burton
Isoroku Yamamoto
Kim Jong Un
Emma Stone
Yuzuru Hanyu
Justin Timberlake
Bong Joon-ho
Sukarno
Andy Warhol
Jack Ma
Stephen King
Ho Chi Minh
Walt Disney
Ronald Reagan
Saddam Hussein
Frank Lloyd Wright
Harper Lee
Jet Li
Martha Graham
Park Ji-sung
Ravi Shankar
 
Answer Stats
Answer % Correct
Genghis Khan
93%
Kim Jong Un
86%
Mao Zedong
86%
Lee Kuan Yew
85%
Xi Jinping
85%
Bashar al-Assad
84%
Yao Ming
84%
Son Heung-min
83%
Aung San Suu Kyi
81%
Haruki Murakami
81%
Mahatma Gandhi
81%
Akira Kurosawa
80%
Hayao Miyazaki
80%
Ho Chi Minh
80%
Park Ji-sung
80%
Hiroyuki Sanada
79%
Jet Li
79%
Malala Yousafzai
79%
Bong Joon-ho
78%
Jackie Chan
78%
Imran Khan
75%
Saddam Hussein
75%
Isoroku Yamamoto
74%
Priyanka Chopra
74%
Yasser Arafat
74%
Ali Khamenei
73%
Benjamin Netanyahu
73%
Confucius
73%
Yuzuru Hanyu
73%
Jay Chou
72%
Narendra Modi
72%
Sukarno
72%
Ravi Shankar
70%
Shohei Ohtani
70%
Jack Ma
68%
Ken Watanabe
68%
Rabindranath Tagore
68%
Sachin Tendulkar
67%
Abbas Kiarostami
65%
Lata Mangeshkar
64%
Saladin
62%
Rumi
58%
Fairuz
57%
Gal Gadot
56%
Manny Pacquiao
54%
Nancy Ajram
54%
Virat Kohli
54%
Arundhati Roy
52%
Amos Oz
33%
No matching quizzes found
Score Distribution
Percent of People with Each Score
Percentile by Number Answered
Your Score History
You have not taken this quiz since the last reset